Yan-Si-Pao o La esvástica de oro / (Record no. 29941)

MARC details
000 -LEADER
campo de control de longitud fija 00671nam a2200229 i 4500
001 - NÚMERO DE CONTROL
campo de control 29941
003 - IDENTIFICADOR DE NÚMERO DE CONTROL
campo de control ES-MaACL
005 - FECHA Y HORA DE LA ÚLTIMA TRANSACCIÓN
campo de control 20231224062917.0
007 - CAMPO FIJO DE DESCRIPCIÓN FÍSICA--INFORMACIÓN GENERAL
campo de control de longitud fija t|
008 - DATOS DE LONGITUD FIJA--INFORMACIÓN GENERAL
campo de control de longitud fija 030123s1953 sp |||| | spa d
100 1# - ENTRADA PRINCIPAL--NOMBRE DE PERSONA
Nombre de persona Baroja, Pío,
Fechas asociadas al nombre 1872-1956
9 (RLIN) 25752
245 10 - MENCIÓN DEL TÍTULO
Título Yan-Si-Pao o La esvástica de oro /
Mención de responsabilidad, etc. Pío Baroja.
260 ## - PUBLICACIÓN, DISTRIBUCIÓN, ETC.
Lugar de publicación, distribución, etc. Madrid :
Nombre del editor, distribuidor, etc. Afrodisio Aguado,
Fecha de publicación, distribución, etc. [1953] (
Fabricante Sáez)
300 ## - DESCRIPCIÓN FÍSICA
Extensión 221 p. ;
Dimensiones 13 cm.
490 1# - MENCIÓN DE SERIE
Mención de serie Más allá ;
Designación de volumen o secuencia 109
505 8# - NOTA DE CONTENIDO CON FORMATO
Nota de contenido con formato Contiene: El tesoro del holandés
740 32 - ENTRADA AGREGADA--TÍTULO RELACIONADO/ANALÍTICO NO CONTROLADO
Título relacionado o analítico no controlado El tesoro del holandés.
740 32 - ENTRADA AGREGADA--TÍTULO RELACIONADO/ANALÍTICO NO CONTROLADO
Título relacionado o analítico no controlado La svástica de oro.
830 0# - PUNTO DE ACCESO ADICIONAL DE SERIE-TÍTULO UNIFORME
Título uniforme Más allá ;
Designación de volumen o secuencia 109
9 (RLIN) 181282
852 ## - LOCALIZACIÓN
Ubicación ES-MaACL
Número de control de estantería C-8087
Holdings
Estatus retirado Estado de pérdida Estado de daño No para préstamo Biblioteca de origen Biblioteca actual Ubicación en estantería Fecha de adquisición Fuente de adquisición Total de préstamos Signatura topográfica completa Código de barras Visto por última vez Precio de reemplazo Tipo de ítem Koha
        Biblioteca del Ateneo de Madrid Biblioteca del Ateneo de Madrid Sala Palomar 17/01/2008     C-8087 1030912 23/02/2023 23/02/2023 Libro impreso